Case study research methods
Saved in:
| Main Author: | |
|---|---|
| Format: | Book |
| Language: | English |
| Published: |
London :
Continuum,
c2000
|
| Series: | Real world research
|
| Subjects: | |
| Tags: |
Add Tag
No Tags, Be the first to tag this record!
|
MARC
| LEADER | 00000nam a2200000 i 4500 | ||
|---|---|---|---|
| 001 | 1/97532 | ||
| 008 | 081119r2000 eng d | ||
| 020 | |a 0-8264-4796-1 | ||
| 035 | |l 10101749 | ||
| 040 | |a GR-MY-UA |b gre |e aacr | ||
| 041 | 0 | |a eng | |
| 082 | 0 | |a 300.722 |2 (22) | |
| 100 | 1 | |a Gillham, Bill. | |
| 245 | 1 | 0 | |a Case study research methods / |c Bill Gillham |
| 260 | |a London : |b Continuum, |c c2000 | ||
| 300 | |a vi, 106 σ.; |c 22 εκ. | ||
| 490 | 1 | |a Real world research | |
| 500 | |a Tο Παράρτημα της Χίου διαθέτει την ανατύπωση, 2008 | ||
| 504 | |a Περιλαμβάνει βιβλιογραφικές παραπομπές και ευρετήριο | ||
| 650 | 0 | 0 | |a Case method. |
| 650 | 0 | 0 | |a Research |x Methodology. |
| 830 | 0 | |a Real world research | |
| 852 | |a INST |b CHIOS |e 20081119 |h 300.722 GIL |p 005200030833 |q 005200030833 |t BK |y 0 | ||
| 901 | |a BIBL2-2008-3 | ||
| 909 | |a Χ |b 153826 | ||
| 922 | |a 2ΕΛΗ |b 200809 |c ΕΠΕΑΕΚ2/ΤΝΕΥ |d Ι. ΜΙΧΑΛΟΠΟΥΛΟΣ | ||
| 970 | |a ΒΑΡΦΗΣ |b ΒΑΓΓΕΛΗΣ |z 2008/11/19 | ||